Vindicación de los derechos de la mujer (Record no. 209142)

MARC details
000 -CABECERA
campo de control de longitud fija 00968cam a22002777a 4500
003 - IDENTIFICADOR DEL NÚMERO DE CONTROL
campo de control UPN
005 - FECHA Y HORA DE LA ÚLTIMA TRANSACCIÓN
campo de control 20250301063804.0
008 - ELEMENTOS DE LONGITUD FIJA--INFORMACIÓN GENERAL
campo de control de longitud fija 230213s2014 |sp||||fr|||| 00| 0 spa d
020 ## - NÚMERO INTERNACIONAL NORMALIZADO PARA LIBROS
Número Internacional Estándar del Libro 9788446039259
040 ## - FUENTE DE LA CATALOGACIÓN
Centro catalogador/agencia de origen MX-MxUPN
Lengua de catalogación spa
Centro/agencia transcriptor MX-MxUPN
050 #4 - SIGNATURA TOPOGRÁFICA DE LA BIBLIOTECA DEL CONGRESO
Número de clasificación HQ1236
Número de documento/Ítem W65 2014
100 1# - ASIENTO PRINCIPAL--NOMBRE PERSONAL
9 (RLIN) 41633
Nombre de persona Shelley, Mary Wollstonecraft,
Fechas asociadas al nombre 1797-1851
245 10 - MENCIÓN DE TÍTULO
Título Vindicación de los derechos de la mujer
260 ## - PUBLICACIÓN, DISTRIBUCIÓN, ETC.
Lugar de publicación, distribución, etc. Madrid, España :
Nombre del editor, distribuidor, etc. Akal,
Fecha de publicación, distribución, etc. 2014
300 ## - DESCRIPCIÓN FÍSICA
Extensión 309 páginas
490 0# - MENCIÓN DE SERIE
Mención de serie Revoluciones ;
Designación de volumen o secuencia 10
650 #4 - ASIENTO SECUNDARIO DE MATERIA - TERMINO TEMATICO
Término de materia o nombre geográfico como elemento de entrada Derechos de las mujeres
9 (RLIN) 8904
650 #4 - ASIENTO SECUNDARIO DE MATERIA - TERMINO TEMATICO
Término de materia o nombre geográfico como elemento de entrada Mujeres
Subdivisión general Problemas sociales y morales
9 (RLIN) 5340
650 #4 - ASIENTO SECUNDARIO DE MATERIA - TERMINO TEMATICO
Término de materia o nombre geográfico como elemento de entrada Mujeres
Subdivisión general Educación
9 (RLIN) 182
700 1# - ASIENTO SECUNDARIO--NOMBRE DE PERSONAL
9 (RLIN) 47802
Nombre de persona Brotons Muñoz, Alfredo
Término indicativo de función/relación traductor de introducción
700 1# - ASIENTO SECUNDARIO--NOMBRE DE PERSONAL
9 (RLIN) 47803
Nombre de persona Lois González, Marta
Término indicativo de función/relación traductora
700 1# - ASIENTO SECUNDARIO--NOMBRE DE PERSONAL
9 (RLIN) 47805
Nombre de persona Rowbotham, Sheila
Término indicativo de función/relación escritora de introducción
700 1# - ASIENTO SECUNDARIO--NOMBRE DE PERSONAL
9 (RLIN) 42204
Nombre de persona Power, Nina
Término indicativo de función/relación escritora de comentario
902 ## - ELEMENTOS DE DATOS B LOCAL, LDB (RLIN)
Creó VíctorGodínez/130223
942 ## - ELEMENTOS DE PUNTO DE ACCESO ADICIONAL (KOHA)
Fuente del sistema de clasificación o colocación Library of Congress Classification
Tipo de ítem Koha Libro
Holdings
Estado de retiro Estado de pérdida Fuente del sistema de clasificación o colocación Estado dañado No para préstamo Código de colección Localización permanente Ubicación/localización actual Ubicación en estantería Fecha de adquisición Clasificación Código de barras Fecha visto por última vez Precio válido a partir de Tipo de ítem Koha Nota pública Total de préstamos Fecha del último préstamo Número de copia
    Library of Congress Classification     Colección General Bib. Gregorio Torres Quintero Bib. Gregorio Torres Quintero Planta baja 13/02/2023 HQ1236 W65 2014 336328 13/02/2023 13/02/2023 Libro Bibliografía de la Unidad de Igualdad de Género e Inclusión      
    Library of Congress Classification     Colección General Bib. Gregorio Torres Quintero Bib. Gregorio Torres Quintero Planta baja 13/02/2023 HQ1236 W65 2014 336329 23/03/2023 13/02/2023 Libro Bibliografía de la Unidad de Igualdad de Género e Inclusión 1 15/03/2023 Ej.2